Heroes of the Indian Army: (Record no. 78273)

MARC details
000 -LEADER
fixed length control field 00715nam a22001937a 4500
005 - DATE AND TIME OF LATEST TRANSACTION
control field 20130801161843.0
010 ## - LCCN (DPL NO)
LC control number B-516037-042
020 ## - INTERNATIONAL STANDARD BOOK NUMBER
International Standard Book Number 9788176761116
Terms of availability 695.00
035 ## - SYSTEM CONTROL NUMBER
System control number B-516037-042
037 ## - SOURCE OF ACQUISITION
Stock number UBH/VEN
082 ## - DEWEY DECIMAL CLASSIFICATION NUMBER
Classification number 355.00954
100 ## - MAIN ENTRY--PERSONAL NAME
Personal name Vaid, Vaneeta
245 ## - TITLE STATEMENT
Title Heroes of the Indian Army:
Remainder of title stores of param vir charkra awardees/
Statement of responsibility, etc by Vaneeta Vaid
260 ## - PUBLICATION, DISTRIBUTION, ETC. (IMPRINT)
Place of publication, distribution, etc New Delhi
Name of publisher, distributor, etc Nita Metha
Date of publication, distribution, etc 2012
270 ## - ADDRESS
Address 3A/3, Asaf Ali Road
City New Delhi
Postal code 110002
Telephone number 23252948,23250091
Fax number 23250091
Electronic mail address nitametha@nitametha.com
300 ## - PHYSICAL DESCRIPTION
Extent 87p.
Other physical details col.ill
Dimensions 29cm.(Hb)
942 ## - ADDED ENTRY ELEMENTS (KOHA)
Source of classification or shelving scheme Dewey Decimal Classification
Item type English Books
Call number suffix VAI
Classification part 355.00954
Holdings
Withdrawn status Lost status Not for loan Collection code Home library Current library Date acquired Source of acquisition Cost, normal purchase price Full call number Barcode Copy number Cost, replacement price Koha item type
      Non-fiction Central Library Central Library 01/08/2013 UBH/312/22.03.2013/201/20.03.2013/25.03.2013 695.00 355.00954 VAI B-516037 2 695.00 Children Books
  Written-off vide DLB M. No. 383 dt 16.05.19   Non-fiction Central Library Central Library 01/08/2013 UBH/312/22.03.2013/201/20.03.2013/25.03.2013 695.00 355.00954 VAI B-516038 2 695.00 Children Books
Withdrawn     Non-fiction Janak Puri Janak Puri 01/08/2013 UBH/312/22.03.2013/201/20.03.2013/25.03.2013 695.00 355.00954 VAI B-516040 1 695.00 Children Books
      Non-fiction Karol Bagh Karol Bagh 01/08/2013 UBH/312/22.03.2013/201/20.03.2013/25.03.2013 695.00 355.00954 VAI B-516041 1 695.00 Children Books
      Non-fiction Kasturba Gandhi Marg Kasturba Gandhi Marg 01/08/2013 UBH/312/22.03.2013/201/20.03.2013/25.03.2013 695.00 355.00954 VAI B-516039 1 695.00 Children Books
      Non-fiction Narela Narela 01/08/2013 UBH/312/22.03.2013/201/20.03.2013/25.03.2013 695.00 355.00954 VAI B-516042 1 695.00 Children Books

© Delhi Public Library
Hit Counter
free hit counter